000
00317nam a22001217a 4500
008
160419b xxu||||| |||| 00| 0 eng d
020
_a
9780130455291
020
_a
78013455291
041
_a
eng
080
_a
618.6
245
_a
Fundamentals of Nursing:
_c
Barbara Kozier' Glenora Erb ' Audrey Berman'
942
_2
udc
_c
BK
999
_c
1436
_d
1436